000 00675nas a2200229 4500
001 BR9205071
003 BR-BrBNA
005 20231205092819.0
007 ta
008 230509b bl.|||p| |||| 00| 00por d
040 _aBR-BrBNA
_bpor
_cBiblioteca Nacional de Agricultura
041 _a(Pt)
072 _aF01
100 1 _aBayma, C.
245 1 _aPlantas que produzem cera sao muitas no Brasil
650 _aPLANTA PRODUTORA DE CERA
650 _aCERA
650 _aPALMEIRA OLEAGINOSA
773 0 _tAgricultura e Pecuaria (Brazil)
_xISSN 0100-249X
_g(Jun 1968), (no. 528) p. 41; p. 41
_wBR9205071
909 _a202311
_bLúcia
_c55
_dLúcia Elande
942 _2AGRIS
_n0
_cANA
999 _c134397
_d134397